| 000 | 00692nam a2200229 a 4500 | ||
|---|---|---|---|
| 008 | |||
| 020 | _a0137159137 (pbk.) | ||
| 049 | _aMAIN | ||
| 090 | 0 | 0 | _aTA340 |
| 100 | 1 | 0 | _aDougherty, Edward R. |
| 245 | 1 | 0 |
_aProbability and statistics for the engineering, computing, and physical sciences / _cEdward R. Dougherty. |
| 260 | 0 |
_aEnglewood Cliffs, N.J. : _bPrentice Hall, _c1990. |
|
| 300 |
_axv, 800 p. : _bill. ; _c26 cm. |
||
| 500 | _aIncludes index. | ||
| 650 | 0 | _aStatistics. | |
| 650 | 0 | _aProbabilities. | |
| 907 |
_a.b10115316 _b30-03-04 _c24-03-04 |
||
| 003 | |||
| 005 | 20230123133645.0 | ||
| 040 | _cNUST | ||
| 942 |
_cBOOKS _kTA340 |
||
| 999 |
_c152376 _d152376 |
||